Statistiques concernant Reliez le compositeur à la bonne ville - sur une carte

Cliquez ici pour prendre le quiz!

Statistiques générales

  • Ce quiz a été pris 1 018 fois
    (1 004 depuis la dernière actualisation)
  • Le résultat moyen est 6 sur 16

Réponses sur la Carte

Les réponses sont colorées sur une échelle allant du rouge au vert en fonction du pourcentage des utilisateurs qui les ont devinées à leur premier essai. Vous pouvez retrouver ces pourcentages ci-dessous.
 

Statistiques - réponses

Réponse% Correct
Stravinsky
53%
Chopin
48%
Dvořák
43%
Bach
42%
Bizet
42%
Puccini
42%
Rameau
42%
Verdi
41%
Vivaldi
41%
Beethoven
39%
Bartók
35%
Sibelius
33%
Grieg
32%
Brahms
23%
Strauss (Richard)
21%
Haydn
17%

Distribution des résultats

Percentile par nombre de réponses

% des personnes avec chaque résultat

Votre développement - résultats

Vous n’avez pas pris ce quiz depuis la dernière actualisation